Miedo líquido la sociedad contemporánea y sus temores (Registro nro. 54459)

Detalles MARC
000 -ENCABEZADO
Número de control [NR] 00912nam a2200277Ia 4500
008 - DE LONGITUD FIJA DE DATOS DE ELEMENTOS - INFORMACIÓN GENERAL
Elementos de longitud fija [NR] 130821s2007 sp gr spa
020 ## - NUMERO INTERNACIONAL NORMALIZADO PARA LIBROS [R]
Número Internacional Normalizado del libro [NR] 8449319846
040 ## - FUENTE DE CATALOGACION [NR]
Agencia de catalogación original [NR] Co-BoUCM
Idioma de catalogación [NR] spa
041 00 - CODIGO DE IDIOMA [R]
Código de idioma para texto/pista de sonido o título separado [R] Español
100 1# - ASIENTO PRINCIPAL--NOMBRE PERSONAL [NR]
Nombre personal [NR] Bauman, Zygmunt
Fechas asociadas con el nombre [NR] 1925-
245 10 - MENCION DE TITULO [NR]
Título [NR] Miedo líquido la sociedad contemporánea y sus temores
Mención de responsabilidad, etc. [NR] Zygmunt Bauman
260 ## - PUBLICACION, DISTRIBUCION, ETC. (PIE DE IMPRENTA) [R]
Lugar de publicación, distribución, etc. [R] Barcelona (España)
Nombre del editor, distribuidor, etc. [R] Ediciones Paidós
Fecha de publicación, distribución, etc. [R] 2007
300 ## - DESCRIPCION FISICA [R]
Extensión [R] 231 páginas
490 ## - MENCION DE SERIE [R]
Mención de serie [R] Paidós Estado y Sociedad
Designación numérica/secuencial del volumen [NR] 146
504 ## - NOTA DE BIBLIOGRAFIA, ETC. [R]
Nota de bibliografía, etc. [NR]
650 04 - ASIENTO SECUNDARIO DE MATERIA - TERMINO TEMATICO [R]
Término temático o nombre geográfico como elemento de entrada [NR] Ansiedad
9 (RLIN) 9144
650 04 - ASIENTO SECUNDARIO DE MATERIA - TERMINO TEMATICO [R]
Término temático o nombre geográfico como elemento de entrada [NR] Globalización
Subdivisión de forma [R] Aspectos sociales
9 (RLIN) 216
650 04 - ASIENTO SECUNDARIO DE MATERIA - TERMINO TEMATICO [R]
Término temático o nombre geográfico como elemento de entrada [NR] Miedo
9 (RLIN) 19518
650 04 - ASIENTO SECUNDARIO DE MATERIA - TERMINO TEMATICO [R]
Término temático o nombre geográfico como elemento de entrada [NR] Postmodernismo
Subdivisión de forma [R] Aspectos sociales
9 (RLIN) 22121
650 04 - ASIENTO SECUNDARIO DE MATERIA - TERMINO TEMATICO [R]
Término temático o nombre geográfico como elemento de entrada [NR] Psicología social
9 (RLIN) 22856
650 04 - ASIENTO SECUNDARIO DE MATERIA - TERMINO TEMATICO [R]
Término temático o nombre geográfico como elemento de entrada [NR] Psicología
9 (RLIN) 8001
700 1# - ASIENTO SECUNDARIO - NOMBRE PERSONAL [R]
Nombre personal [NR] Santos Mosquera, Albino
Término de relación [R]
765 ## - ASIENTO DE IDIOMA ORIGINAL [R]
Asiento principal [NR] Liquid fear
942 ## - ELEMENTOS DE ENTRADA AGREGADOS (KOHA)
Tipo de ítem principal el descrito en 300a Libro
Tema principal Psicología
Edición 1
Parte restante de la signatura top. B347m
Sistema de clasificación DEWEY
Clasificación 152.46
Título oculto en OPAC No
Existencias
Fecha de último préstamo Total préstamos Total Renewals Signatura topográfica Código de barras Última vez visto Ejemplar Price effective from Tipo de ítem Nota pública (OPAC) Perdido Sistema de clasificación Dañado No prestable Tipo de ítem específico Suprimido Ubicación habitual Ubicación actual Localización Fecha de creación Forma de adquisición Costo
10/12/2019 29 7 152.46 B347m 100096362 11/12/2025 Ej.3 03/02/2013 Libro Spot Psicología & Psiquiatría   DEWEY     Libro   Quinta de Mutis Quinta de Mutis 3er piso 30/09/2009 Compra 75200.00
31/03/2016 41 6 152.46 B347m 100088213 11/12/2025 Ej.1 03/02/2013 Libro Spot Psicología & Psiquiatría   DEWEY     Libro   Quinta de Mutis Quinta de Mutis 3er piso 28/02/2013 Compra 79000.00
19/04/2018 41 7 152.46 B347m 100088375 27/01/2026 Ej.2 03/02/2013 Libro Spot Psicología & Psiquiatría   DEWEY     Libro   Quinta de Mutis Quinta de Mutis 3er piso 30/09/2008 Compra 79000.00